Los primeros tiempos de la colonización. Cuba y las Antillas. Magallanes y la primera vuelta al mundo

Uloženo v:
Podrobná bibliografie
Hlavní autor: Melón y Ruiz, Amando (autor)
Médium: Kniha
Jazyk:španělština
Vydáno: Barcelona Salvat editores 1952
Edice:Historia de América y de los Pueblos Americanos, 6
Témata:
Tagy: Přidat tag
Žádné tagy, Buďte první, kdo vytvoří štítek k tomuto záznamu!

MARC

LEADER 00000nam a2200000 a 4500
001 UCO2722
003 CL-VaPUC
008 000608e19520000SP |||||||||||||||||spa|d
082 0 4 |a 980  |b MEL  |2 21 
100 |a Melón y Ruiz, Amando  |e autor  |9 446283 
245 1 4 |a Los primeros tiempos de la colonización. Cuba y las Antillas. Magallanes y la primera vuelta al mundo 
300 |a 748 p 
942 |c BK 
945 |d 20000608 00:00:00  |a rherrera 
260 |a Barcelona  |b Salvat editores  |c 1952 
600 0 7 |a MAGALLANES, HERNANDO DE  |2 CL-VaPUC  |9 368786 
650 0 |a Historia de América  |9 266076 
650 0 |a Colonización americana  |9 388010 
650 7 |a DESCUBRIMIENTO Y EXPLORACIONES  |2 CL-VaPUC  |9 446284 
650 7 |a SIGLOS 15-16  |2 CL-VaPUC  |9 342334 
651 7 |a CUBA  |2 CL-VaPUC  |9 255263 
651 0 |a Antillas  |9 323642 
583 |a last modification  |c 20000608 00:00:00  |k Rodrigo Vera 
490 0 |a Historia de América y de los Pueblos Americanos, 6 
999 |c 289220  |d 289218 
952 |0 0  |1 0  |4 0  |6 980_000000000000000_MEL_1952  |7 0  |8 A  |9 337452  |a BIBHIS  |b BIBHIS  |d 2019-11-20  |i 1286323  |l 2  |o 980 MEL 1952  |p 1286323  |r 2025-01-20  |s 2023-03-24  |w 2019-11-20  |y BK  |k HIS